By the King. A proclamation to inform all our loving subjects of the lawfulnesse of our commissions of Array, issued into the severall counties of our realm of England, and dominion of Wales, and of the use of them : and commanding them to obey our commissioners therein named, in the execution of their said commissions.

Bibliographic Details
Corporate Author: England and Wales. Sovereign (1625-1649 : Charles I)
Other Authors: Charles I, King of England, 1600-1649
Format: eBook
Language:English
Published: Imprinted at York, and now reprinted at London : [publisher not identified], 1642.
Series:Early English books online.
Subjects:
Online Access:Connect to the full text of this electronic book

MARC

Tag First Indicator Second Indicator Subfields
LEADER 00000nam a2200000 4500
001 in00004288213
005 20200813082303.0
006 m g d
007 cr bn |||a|bb|
008 940802s1642 enk o o00| | eng d
035 |a (UnM)99869589 
037 |a CL0051000009  |b ProQuest Information and Learning. 300 N. Zeeb Rd., Ann Arbor, MI 48106 
040 |a Cu-RivES  |c Cu-RivES  |d CStRLIN  |e dcrb  |d WaOLN 
110 1 |a England and Wales.  |b Sovereign (1625-1649 : Charles I) 
245 1 0 |a By the King. A proclamation to inform all our loving subjects of the lawfulnesse of our commissions of Array, issued into the severall counties of our realm of England, and dominion of Wales, and of the use of them :  |b and commanding them to obey our commissioners therein named, in the execution of their said commissions. 
260 |a Imprinted at York, and now reprinted at London :  |b [publisher not identified],  |c 1642. 
300 |a 1 online resource (1 sheet ([1] pages) 
336 |a text  |b txt  |2 rdacontent 
337 |a computer  |b c  |2 rdamedia 
338 |a online resource  |b cr  |2 rdacarrier 
500 |a Originally published: York : 1642. 
500 |a Reproduction of the original in the British Library. 
500 |a At end of text: Given at Our court in York the twentieth day of June, in the eighteenth Yeer of Our Reign, 1642. 
510 4 |a Wing (2nd edition, 1994)  |c C2703. 
510 4 |a Thomason  |c 669.f.5[47]. 
510 3 |a Steele, I, 2195. 
533 |a Electronic reproduction.  |b Ann Arbor, Mich. :  |c UMI,  |d 1999-  |f (Early English books online)  |n Digital version of: (Thomason Tracts ; 245:669f5[47])  |7 s1999 miun s 
650 0 |a Prerogative, Royal  |z Great Britain  |v Early works to 1800. 
651 0 |a Great Britain  |x History  |y Civil War, 1642-1649  |v Early works to 1800. 
651 0 |a Great Britain  |x Politics and government  |y 1642-1649  |v Early works to 1800. 
700 0 |a Charles  |b I,  |c King of England,  |d 1600-1649. 
830 0 |a Early English books online. 
856 4 0 |u http://proxy.library.tamu.edu/login?url=https://search.proquest.com/docview/2248523718  |z Connect to the full text of this electronic book  |t 0 
999 f f |s 4edb5592-7e91-3612-bfab-50641a9524bb  |i 6ed88028-1b20-34c1-ba08-57a6847f4adf  |t 0 
952 f f |a Texas A&M University  |b College Station  |c Electronic Resources  |d Available Online  |t 0  |h No information provided 
998 f f |t 0  |l Available Online